书目信息 |
| 题名: |
劳动与社会保障法教程
|
|
| 作者: | 黎建飞 著 | |
| 分册: | ||
| 出版信息: | 北京 中国人民大学出版社 2013 |
|
| 页数: | 354页 | |
| 开本: | 26cm | |
| 丛书名: | ||
| 单 册: | ||
| 中图分类: | D922.501 | |
| 科图分类: | ||
| 主题词: | 劳动法--Lao Dong Fa--中国--教材 , 社会保障--She Hui Bao Zhang--法律--中国--教材 | |
| 电子资源: | ||
| ISBN: | 978-7-300-16962-0 | |
| 000 | 00929nam0 22002651 450 | |
| 001 | 350292 | |
| 005 | 20161008165938.68 | |
| 010 | @a978-7-300-16962-0@dCNY45.00 | |
| 100 | @a20130425d2013 em y0chiy50 ea | |
| 101 | 0 | @achi |
| 102 | @aCN@b110000 | |
| 105 | @ay z 000yy | |
| 106 | @ar | |
| 200 | 1 | @a劳动与社会保障法教程@ALao Dong Yu She Hui Bao Zhang Fa Jiao Cheng@f黎建飞著 |
| 205 | @a3版 | |
| 210 | @a北京@c中国人民大学出版社@d2013 | |
| 215 | @a354页@d26cm | |
| 300 | @a21世纪民商法学系列教材/王利民总主编 | |
| 330 | @a本书简洁地阐述劳动法学的基本原理,系统地介绍劳动法律的体系,既具体描述过去法律规范中蕴涵的立法背景和立法意图,又冷静地探讨其中的缺憾。 | |
| 606 | 0 | @a劳动法@ALao Dong Fa@y中国@j教材 |
| 606 | 0 | @a社会保障@AShe Hui Bao Zhang@x法律@y中国@j教材 |
| 690 | @aD922.501@v5 | |
| 701 | 0 | @a黎建飞@ALi Jian Fei@f(1956~)@4著 |
| 801 | 0 | @aCN@bTANGWEI@c20160803 |
| 905 | @b0889295-9@dD922.501@e1346=3@f5 | |
| 劳动与社会保障法教程/黎建飞著.-3版.-北京:中国人民大学出版社,2013 |
| 354页;26cm |
| 21世纪民商法学系列教材/王利民总主编 |
| ISBN 978-7-300-16962-0:CNY45.00 |
| 本书简洁地阐述劳动法学的基本原理,系统地介绍劳动法律的体系,既具体描述过去法律规范中蕴涵的立法背景和立法意图,又冷静地探讨其中的缺憾。 |
| ● |
| 相关链接 |
|
|
|
|
正题名:劳动与社会保障法教程
索取号:D922.501/1346=3
 
预约/预借
| 序号 | 登录号 | 条形码 | 馆藏地/架位号 | 状态 | 备注 |
| 1 | 0889295 | 208892956 | 第一样本阅览室/ [索取号:D922.501/1346=3] | 在馆 | |
| 2 | 0889296 | 208892965 | 第一借阅区/ [索取号:D922.501/1346=3] | 在馆 | |
| 3 | 0889297 | 208892974 | 第一借阅区/ [索取号:D922.501/1346=3] | 在馆 | |
| 4 | 0889298 | 208892983 | 第一借阅区/ [索取号:D922.501/1346=3] | 在馆 | |
| 5 | 0889299 | 208892992 | 密集书库-史法系/ [索取号:D922.501/1346=3] | 在馆 |